Kinematics of the orbital movement of a digital X-ray scanner of annular pipe seams; MATEC Web of Conferences; Vol. 158 : Space Engineering
| Parent link: | MATEC Web of Conferences Vol. 158 : Space Engineering.— 2018.— [01031, 4 p.] |
|---|---|
| מחבר תאגידי: | |
| מחברים אחרים: | , , , |
| סיכום: | Title screen The features of the kinematics of devices performing orbital displacements are considered. Different versions of the arrangement of mechanisms for the orbital movement of a digital radiographic scanner are compared. The load capacity of the support flexible joint of the mechanism was estimated. |
| שפה: | אנגלית |
| יצא לאור: |
2018
|
| נושאים: | |
| גישה מקוונת: | https://doi.org/10.1051/matecconf/201815801031 http://earchive.tpu.ru/handle/11683/52911 |
| פורמט: | אלקטרוני Book Chapter |
| KOHA link: | https://koha.lib.tpu.ru/cgi-bin/koha/opac-detail.pl?biblionumber=659432 |
MARC
| LEADER | 00000nla2a2200000 4500 | ||
|---|---|---|---|
| 001 | 659432 | ||
| 005 | 20240214131554.0 | ||
| 035 | |a (RuTPU)RU\TPU\network\27991 | ||
| 035 | |a RU\TPU\network\27978 | ||
| 090 | |a 659432 | ||
| 100 | |a 20190218d2018 k y0engy50 ba | ||
| 101 | 0 | |a eng | |
| 105 | |a y z 100zy | ||
| 135 | |a vrcn ---uucaa | ||
| 181 | 0 | |a i | |
| 182 | 0 | |a b | |
| 200 | 1 | |a Kinematics of the orbital movement of a digital X-ray scanner of annular pipe seams |f R. Vasilchenko [et al.] | |
| 203 | |a Text |c electronic | ||
| 300 | |a Title screen | ||
| 320 | |a [References: 7 tit.] | ||
| 330 | |a The features of the kinematics of devices performing orbital displacements are considered. Different versions of the arrangement of mechanisms for the orbital movement of a digital radiographic scanner are compared. The load capacity of the support flexible joint of the mechanism was estimated. | ||
| 461 | 1 | |0 (RuTPU)RU\TPU\network\4526 |t MATEC Web of Conferences | |
| 463 | 1 | |0 (RuTPU)RU\TPU\network\27949 |t Vol. 158 : Space Engineering |o VI International Forum for Young Scientists, April 26-28, 2018, Tomsk, Russia |o [proceedings] |f National Research Tomsk Polytechnic University (TPU) ; eds. V. N. Borikov [et al.] |v [01031, 4 p.] |d 2018 | |
| 610 | 1 | |a электронный ресурс | |
| 610 | 1 | |a труды учёных ТПУ | |
| 610 | 1 | |a кинематика | |
| 610 | 1 | |a орбитальное движение | |
| 610 | 1 | |a сканеры | |
| 610 | 1 | |a швы | |
| 610 | 1 | |a механизмы | |
| 610 | 1 | |a грузоподъемность | |
| 701 | 1 | |a Vasilchenko |b R. |g Rostislav | |
| 701 | 1 | |a Simankin |b F. A. |c physicist |c Associate Professor of Tomsk Polytechnic University, Candidate of technical sciences |f 1974- |g Fedor Arkadievich |3 (RuTPU)RU\TPU\pers\35174 |9 18440 | |
| 701 | 1 | |a Ziyakaev |b G. R. |c specialist in the field of mechanical engineering |c Associate Professor of Tomsk Polytechnic University, Candidate of technical sciences |f 1975- |g Gregory Rakitovich |3 (RuTPU)RU\TPU\pers\31411 |9 15583 | |
| 701 | 1 | |a Simankin |b A. |g Arkadiy | |
| 712 | 0 | 2 | |a Национальный исследовательский Томский политехнический университет |b Инженерная школа неразрушающего контроля и безопасности |b Отделение электронной инженерии |3 (RuTPU)RU\TPU\col\23507 |
| 801 | 1 | |a RU |b 63413507 |c 20150101 |g RCR | |
| 801 | 2 | |a RU |b 63413507 |c 20190228 |g RCR | |
| 856 | 4 | |u https://doi.org/10.1051/matecconf/201815801031 | |
| 856 | 4 | |u http://earchive.tpu.ru/handle/11683/52911 | |
| 942 | |c CF | ||